NFL #1 Offense in Points Scored - Statistics

General Stats
  • This quiz has been taken 41 times
    10 since last reset
  • The average score is 13 of 60
Answer Stats
Year Team % Correct
2025 Los Angeles Rams
100%
2024 Detroit Lions
67%
2022 Kansas City Chiefs
67%
2023 Dallas Cowboys
50%
2010 New England Patriots
50%
2007 New England Patriots
50%
2019 Baltimore Ravens
33%
2021 Dallas Cowboys
33%
2013 Denver Broncos
33%
2020 Green Bay Packers
33%
2014 Green Bay Packers
33%
2011 Green Bay Packers
33%
2018 Kansas City Chiefs
33%
2003 Kansas City Chiefs
33%
2017 Los Angeles Rams
33%
1967 Los Angeles Rams
33%
1998 Minnesota Vikings
33%
2012 New England Patriots
33%
2006 San Diego Chargers
33%
2005 Seattle Seahawks
33%
2001 St. Louis Rams
33%
2000 St. Louis Rams
33%
1999 St. Louis Rams
33%
2016 Atlanta Falcons
17%
1990 Buffalo Bills
17%
2015 Carolina Panthers
17%
1988 Cincinnati Bengals
17%
1966 Dallas Cowboys
17%
1997 Denver Broncos
17%
1996 Green Bay Packers
17%
2004 Indianapolis Colts
17%
1973 Los Angeles Rams
17%
1986 Miami Dolphins
17%
1984 Miami Dolphins
17%
1972 Miami Dolphins
17%
1969 Minnesota Vikings
17%
2009 New Orleans Saints
17%
2008 New Orleans Saints
17%
1995 San Francisco 49ers
17%
1994 San Francisco 49ers
17%
1993 San Francisco 49ers
17%
1992 San Francisco 49ers
17%
1989 San Francisco 49ers
17%
1987 San Francisco 49ers
17%
1970 San Francisco 49ers
17%
1976 Baltimore Colts
0%
1975 Buffalo Bills
0%
1980 Dallas Cowboys
0%
1978 Dallas Cowboys
0%
1971 Dallas Cowboys
0%
1968 Dallas Cowboys
0%
2002 Kansas City Chiefs
0%
1977 Oakland Raiders
0%
1974 Oakland Raiders
0%
1979 Pittsburgh Steelers
0%
1985 San Diego Chargers
0%
1982 San Diego Chargers
0%
1981 San Diego Chargers
0%
1991 Washington Redskins
0%
1983 Washington Redskins
0%
No matching quizzes found
Score Distribution
Percent of People with Each Score
Percentile by Number Answered
Your Score History
You have not taken this quiz since the last reset